02632cam a2200457 i 45000010009000000050017000090080041000260100017000670200029000840200041001130200038001540350013001920350020002050400033002250420008002580500021002660600011002870820017002981300056003152450091003712640059004623000060005213360021005813370025006023380023006275040041006505200777006915460015014686500060014836500038015436500044015816500033016256500034016587000040016927000057017329060045017899420012018349990019018469520162018659520147020271959005620250821143059.0170407s2018 flu b 000 0 eng  a 2017017013 a9781032096254qpaperback a9781482253979qhardback : alk. paper a1482253976qhardback : alk. paper a19590056 a(DNLM)101703697 aDNLM/DLCbengcDLCerdadDLC apcc00aQR181b.N88 201810aQU 14500a616.079bNUT0 aNutrition, immunity, and infection (Calder)913038210aNutrition, immunity, and infection /cedited by Philip C. Calder and Anil D. Kulkarni. 1aBoca Raton :bCRC Press, Taylor & Francis Group,c2021 axviii, 528 pages :billustrations (some color) ;c27 cm atext2rdacontent aunmediated2rdamedia avolume2rdacarrier aIncludes bibliographical references. aThis comprehensive volume explores how diet and specific nutrients affect immune function and resistance to infections, integrating foundational immunology with nutritional science across the life course—from infancy to aging. It addresses the dual impact of undernutrition and overnutrition, examines the roles of vitamins, minerals, fatty acids, and probiotics in immune regulation, and considers the effects of obesity, malnutrition, HIV, and environmental stressors. Drawing on molecular studies, clinical trials, and translational research, the book provides a global perspective with contributions from leading experts in nutrition, immunology, and public health, offering valuable insights for nutrition scientists, dietitians, health practitioners, and students. aIn English12aNutritional Physiological Phenomenaximmunology913038312aImmune Systemxphysiology913038422aNutrition Disordersximmunology913038522aImmunityxphysiology913038622aInfectionximmunology91303871 aCalder, Philip C.,eeditor.91303181 aKulkarni, Anil D.q(Anil Digambar),eeditor.9130388 a7bcbccorignewd1eecipf20gy-gencatlg 2ddccBK c614548d614548 00102ddc4070aNSHSbNSHScGENd2025-08-08eAllied Book Companyg16429.00l1o616.079 NUTpNSHS-2120r2026-03-09s2025-08-25tc.1v32858.00w2025-08-08yBK 00102ddc4070aNSHSbNSHScGENd2025-08-08eAllied Book Companyg16429.00o616.079 NUTpNSHS-2121r2025-08-21tc.2v32858.00w2025-08-08yBK